| 000 | 00836nam a2200217Ii 4500 | ||
|---|---|---|---|
| 003 | JO-AjNU | ||
| 008 | 230605s9999||||xx |||||||||||||| ||und|| | ||
| 017 | _a2001/9/1920 | ||
| 040 |
_aJO-AjNU _bara _erda _cJO-AjNU |
||
| 041 | _aara | ||
| 050 | 1 | 4 | _aDS154.52.R54A3 2001 |
| 100 | 3 |
_aالرفاعي، عبد المنعم, _eauthor _949276 |
|
| 245 | 0 | 0 | _a الأمواج: صفحات من رحلة الحياة |
| 264 | 3 | 1 | _aعمان: وزارة الثقافة، 2001 |
| 300 |
_a149ص _bصور فوتوغرافية |
||
| 336 |
_atext _btxt _2rdacontent |
||
| 337 |
_aunmediated _bn _2rdamedia |
||
| 338 |
_avolume _bnc _2rdacarrier |
||
| 490 | 0 | _aسلسلة ابداعات اردنية | |
| 650 | 4 |
_aالساسيون الاردنيون-تراجم، الاردن-تاريخ-قرن 20، الرفاعي، عبد المنعم 1917 _949277 |
|
| 999 |
_aA21633 _c25201 _d25201 |
||